000 00569cam a2200145 4500500
005 20260208002340.0
041 _afre
042 _adc
100 1 0 _avan Woerkens, Martine
_eauthor
245 0 0 _aEmma Tarlo Unsettling Memories: Narratives of the Emergency in Delhi. Berkeley-Los Angeles, University of California Press, 2003, 234 p., bibl., index, ill.
260 _c2005.
500 _a76
786 0 _nL'Homme | 174 | 2 | 2005-06-01 | p. 277j-329j | 0439-4216
856 4 1 _uhttps://shs.cairn.info/revue-l-homme-2005-2-page-277j?lang=fr&redirect-ssocas=7080
999 _c1645956
_d1645958